[Event "MEX ol U16 Girls"]
[Site "Guanajuato"]
[Date "2002.07.14"]
[Round "1"]
[White "Solis Mendoza, Mariana"]
[Black "Jimenez Suarez, Alejandra"]
[Result "0-1"]
[WhiteElo "1500"]
[BlackElo "1258"]
[PlyCount "86"]
[EventDate "2002.07.13"]
[EventType "swiss"]
[EventRounds "6"]
[EventCountry "MEX"]
[SourceTitle "EXT 2003"]
[Source "ChessBase"]
[SourceDate "2002.11.25"]
[SourceVersion "1"]
[SourceVersionDate "2002.11.25"]
[SourceQuality "1"]

1. e4 e6 2. d4 d5 3. Nd2 c5 4. c3 Qb6 5. Ngf3 Nc6 6. Qb3 Qxb3 7. axb3 cxd4 8. Bb5 a6 9. Bxc6+ bxc6 10. Nxd4 c5 11. Nb5 Kd8 12. exd5 exd5 13. c4 Bb7 14. Na3 dxc4 15. bxc4 Bxg2 16. Rg1 Bh3 17. b3 Ne7 18. Bb2 Rg8 19. 0-0-0 Ra7 20. Ne4+ Kc8 21. Nd6+ Kb8 22. Nxf7 g6 23. Be5+ Kb7 24. Rg3 Bc8 25. Rgd3 Nc6 26. Bg3 Kb6 27. Nd6 Bxd6 28. Rxd6 Rgg7 29. Nb1 Rgd7 30. Nc3 Rxd6 31. Bxd6 Nd4 32. Na4+ Kc6 33. Bf4 Nxb3+ 34. Kb2 Nd4 35. Rd2 Rb7+ 36. Ka2 Be6 37. Nb2 Rb4 38. Ka3 Bxc4 39. Nxc4 Rxc4 40. Kb2 a5 41. Ka3 Nb5+ 42. Kb2 Rxf4 43. Re2 Rh4 0-1